000
00328 a2200157 4500
001
193012
020
_a
978-85-910735-0-4
040
_c
Magnum
100
_a
Alonso, Jose Bruna
240
1
0
_a
Revelações
_l
por
245
1
0
_a
Revelações
300
_a
292
362
0
_a
2017
697
_a
ESTUDOS BIOGRÁFICOS
942
_c
BK
999
_c
193012
_d
193012